Quick Pick: Trojan War Quiz Stats

 Plays Quiz Updated Sep 28, 2019

Score 0/10 Timer 01:00
2 Plays Today
% Correct
Achilles
94.7%
Odysseus
87.4%
Agamemnon
84.8%
Ajax
81%
Menelaus
79%
Diomedes
75.2%
Patroclus
73%
Nestor
60.8%
Idomeneus
53.9%
Teucer
28.1%

Today's Daily Dose

Missing Word
Celine Dion

Word Ladder
Dr. Seuss Books

Quick Pick
Cities in India

Get the Picture
'A' Actresses

You're not logged in!

Compare scores with friends on all Sporcle quizzes.
OR
Log In

Sporcle TV

Today on Sporcle TV


Watch our educational content, quiz creation guides, and fun videos on Sporcle TV.

Show Comments

Extras

Top Quizzes Today


Score Distribution

Your Account Isn't Verified!

In order to create a playlist on Sporcle, you need to verify the email address you used during registration. Go to your Sporcle Settings to finish the process.

Report this User

Report this user for behavior that violates our Community Guidelines.

Details: